| 000 | 00444nam a22001817a 4500 | ||
|---|---|---|---|
| 003 | MPLRDC | ||
| 005 | 20220104150120.0 | ||
| 008 | 210129b ||||| |||| 00| 0 eng d | ||
| 020 | _a962-973-287-4 | ||
| 082 | _a782.874 QL-3 v.1 | ||
| 100 | _a二月河 | ||
| 245 |
_a乾隆皇帝: 夕阳空山, 上 _c |
||
| 250 | _a五版 | ||
| 260 |
_a _b明窗出版社 _c2000 |
||
| 300 | _b平 | ||
| 650 | _a乾隆传记 | ||
| 942 |
_cBK _o782.874 QL-3 v.1 |
||
| 999 |
_c51694 _d51684 |
||